ALL Minecraft Entities (See description) - Statistics

General Stats
  • This quiz has been taken 14 times
    12 since last reset
  • The average score is 59 of 263
Answer Stats
Entity Type Color Behavior Answer % Correct
1.1-Passive Passive Cow
86%
1.3-Hostile Hostile Skeleton
86%
1.3-Hostile Hostile Zombie
86%
1.1-Passive Passive Cat
71%
1.1-Passive Passive Chicken
71%
1.1-Passive Passive Cod
71%
1.1-Passive Removed Passive Cow Horse
71%
1.4-Boss Hostile Ender Dragon
71%
1.2-Neutral Neutral Enderman
71%
1.1-Passive Passive Horse
71%
1.2-Neutral Neutral Llama
71%
1.1-Passive Passive Pig
71%
1.3-Hostile Hostile Pillager
71%
1.1-Passive Passive Salmon
71%
1.1-Passive Passive Sheep
71%
1.2-Neutral Neutral Spider
71%
1.1-Passive Passive Villager
71%
1.2-Neutral Neutral Wolf
71%
1.2-Neutral Neutral Cave Spider
57%
1.3-Hostile Hostile Creeper
57%
1.2-Neutral Neutral Dolphin
57%
1.2-Neutral Neutral Drowned
57%
1.1-Passive Passive Glow Squid
57%
1.2-Neutral Neutral Goat
57%
1.1-Passive Removed Passive Mob
57%
1.2-Neutral Neutral Panda
57%
1.2-Neutral Neutral Piglin
57%
1.1-Passive Passive Rabbit
57%
1.3-Hostile Hostile Silverfish
57%
1.1-Passive Passive Squid
57%
1.1-Passive Passive Tropical FIsh
57%
1.3-Hostile Hostile Warden
57%
1.4-Boss Removed Neutral Warden (boss)
57%
1.3-Hostile Hostile Witch
57%
1.4-Boss Hostile Wither
57%
1.3-Hostile Hostile Wither Skeleton
57%
1.6-Projectile Arrow
43%
1.1-Passive Passive Bat
43%
1.2-Neutral Neutral Bee
43%
1.3-Hostile Hostile Blaze
43%
1.1-Passive Passive Camel
43%
1.1-Passive Passive Donkey
43%
1.2-Neutral Neutral Fox
43%
1.1-Passive Passive Frog
43%
1.3-Hostile Hostile Ghast
43%
1.2-Neutral Neutral Iron Golem
43%
1.3-Hostile Hostile Magma Cube
43%
1.1-Passive Passive Mooshroom
43%
1.1-Passive Passive Ocelot
43%
1.2-Neutral Neutral Pufferfish
43%
1.3-Hostile Hostile Shulker
43%
1.1-Passive Passive Skeleton Horse
43%
1.3-Hostile Hostile Slime
43%
1.1-Passive Passive Snow Golem
43%
1.1-Passive Removed Passive Steve
43%
1.1-Passive Passive Turtle
43%
1.1-Passive Passive Zombie Horse
43%
1.3-Hostile Hostile Zombie Villager
43%
1.1-Passive Passive Allay
29%
1.9-China Edition Hostile idk Hostile (Ancient?) Ghost
29%
1.1-Passive Passive Armadillo
29%
1.1-Passive Passive Axolotl
29%
1.1-Passive Removed Passive Black Steve
29%
1.7-Miscellaneous Boat
29%
1.3-Hostile Hostile Breeze
29%
1.1-Passive Passive Copper Golem
29%
1.3-Hostile Hostile Elder Guardian
29%
1.3-Hostile Hostile Endermite
29%
1.3-Hostile Hostile Evoker
29%
1.6-Projectile Fireball
29%
1.3-Hostile Hostile Giant
29%
1.3-Hostile Hostile Guardian
29%
1.1-Passive Passive Happy Ghast
29%
1.3-Hostile Hostile Hoglin
29%
1.3-Hostile Hostile Husk
29%
1.3-Hostile Removed Hostile MD3 Test Mob
29%
1.7-Miscellaneous Minecart
29%
1.1-Passive Passive Mule
29%
1.1-Passive Passive Parrot
29%
1.3-Hostile Hostile Phantom
29%
1.1-Passive Removed Passive Pig Horse
29%
1.3-Hostile Hostile Piglin Brute
29%
1.2-Neutral Neutral Polar Bear
29%
1.1-Passive Removed Passive Rana
29%
1.3-Hostile Hostile Ravager
29%
1.6-Projectile Snowball
29%
1.6-Projectile Spectral Arrow
29%
1.3-Hostile Hostile Stray
29%
1.1-Passive Passive Strider
29%
1.2-Neutral Neutral Trader Llama
29%
1.3-Hostile Hostile Vindicator
29%
1.1-Passive Passive Wandering Trader
29%
1.8-China Edition Passive Passive Whale
29%
1.3-Hostile Hostile Zoglin
29%
1.2-Neutral Neutral Zombified Piglin
29%
1.3-Hostile Removed Hostile Angry Ghast
14%
1.8-China Edition Passive Passive Antelope
14%
1.7-Miscellaneous Armor Stand
14%
1.1-Passive Removed Passive Batato
14%
1.1-Passive Removed Passive Beast Boy
14%
1.8-China Edition Passive idk Passive Big-Eyed Fish
14%
1.3-Hostile Removed Hostile Biker
14%
1.7-Miscellaneous Block Display
14%
1.7-Miscellaneous Boat with Chest
14%
1.3-Hostile Hostile Bogged
14%
1.6-Projectile Bottle o’ Enchanting
14%
1.1-Passive Removed Passive Builder
14%
1.1-Passive Passive Camel Husk
14%
1.7-Miscellaneous Removed Crafting Grid
14%
1.2-Neutral Removed Neutral Diamond Chicken
14%
1.6-Projectile Dragon Fireball
14%
2.0-China Edition Boss idk Hostile Dr. Madman
14%
1.8-China Edition Passive Passive Eagle
14%
1.6-Projectile Egg
14%
1.3-Hostile Removed Hostile Elder Guardian Ghost
14%
1.6-Projectile Ender Pearl
14%
1.7-Miscellaneous Evoker Fangs
14%
1.7-Miscellaneous Experience Orb
14%
1.6-Projectile Eye of Ender
14%
1.7-Miscellaneous Falling Anvil
14%
1.7-Miscellaneous Falling Block
14%
1.7-Miscellaneous Falling Gravel
14%
1.7-Miscellaneous Falling Red Sand
14%
1.7-Miscellaneous Falling Sand
14%
1.8-China Edition Passive Passive Finan
14%
1.6-Projectile Firework Rocket
14%
1.7-Miscellaneous Fishing Bobber
14%
1.9-China Edition Hostile Hostile Ghost Fish
14%
1.8-China Edition Passive Passive Giant Squid
14%
1.7-Miscellaneous Glow Item Frame
14%
1.9-China Edition Hostile idk Hostile Hat Guardian Skeleton?
14%
1.9-China Edition Hostile idk Hostile Horned Guardian Skeleton?
14%
1.3-Hostile Removed Hostile Hunter
14%
1.6-Projectile Ice Bomb
14%
1.3-Hostile Hostile Illusioner
14%
1.7-Miscellaneous Interaction
14%
1.7-Miscellaneous Item
14%
1.7-Miscellaneous Item Display
14%
1.7-Miscellaneous Item Frame
14%
1.8-China Edition Passive Passive Jellyfish
14%
1.3-Hostile Removed Hostile Klesk
14%
1.6-Projectile Lingering Potion
14%
1.1-Passive Removed Passive Living Block
14%
1.1-Passive Removed Passive Living Block Command
14%
1.9-China Edition Hostile idk Hostile Mage Guardian Skeleton?
14%
1.7-Miscellaneous Map Marker
14%
1.7-Miscellaneous Marker
14%
1.3-Hostile Removed Hostile Mega Spud
14%
2.0-China Edition Boss Neutral Mermaid Ge
14%
1.7-Miscellaneous Minecart with Chest
14%
1.7-Miscellaneous Minecart with Furnace
14%
1.7-Miscellaneous Minecart with Hopper
14%
1.7-Miscellaneous Minecart with TNT
14%
1.3-Hostile Removed Hostile Monster
14%
1.1-Passive Removed Passive Moon Cow
14%
1.2-Neutral Neutral Nautilus
14%
1.1-Passive Removed Passive Old Villager
14%
1.3-Hostile Removed Hostile Old Zombie Villager
14%
2.0-China Edition Boss Hostile One-Eyed Giant
14%
1.3-Hostile Hostile Parched
14%
1.8-China Edition Passive Passive Penguin
14%
1.1-Passive Removed Passive Pet Armadillo
14%
1.1-Passive Removed Passive Pet Bee
14%
1.1-Passive Removed Passive Pet Chicken
14%
1.8-China Edition Passive idk Passive Pet (China Edition)
14%
1.1-Passive Removed Passive Pet Cow
14%
1.1-Passive Removed Passive Pet Creeper
14%
1.1-Passive Removed Passive Pet Fox
14%
1.1-Passive Removed Passive Pet Slime
14%
1.1-Passive Removed Passive Pink Wither
14%
1.6-Projectile Removed Pink Wither Skull
14%
1.5-Controlled Controlled Player
14%
2.0-China Edition Boss idk Hostile Pman
14%
1.8-China Edition Passive idk Passive Poet
14%
1.2-Neutral Removed Neutral Poisonous Potato Zombie
14%
1.6-Projectile Removed Potato Eye
14%
1.7-Miscellaneous Removed Primed Etho Slab
14%
1.7-Miscellaneous Primed TNT
14%
1.7-Miscellaneous Primed Underwater TNT
14%
2.0-China Edition Boss idk Hostile Prophet
14%
1.9-China Edition Hostile idk Hostile Pumpkin Guardian Skeleton?
14%
2.0-China Edition Boss Hostile Red Glozmore
14%
1.9-China Edition Hostile idk Hostile Robot 1?
14%
1.9-China Edition Hostile idk Hostile Robot 2?
14%
1.9-China Edition Hostile idk Hostile Sharkman
14%
1.8-China Edition Passive Passive Shrimp
14%
1.6-Projectile Small Fireball
14%
1.1-Passive Passive Sniffer
14%
1.1-Passive Removed Passive Spectator Villager
14%
1.1-Passive Removed Passive Spectator Witch
14%
1.6-Projectile Splash Potion
14%
1.8-China Edition Passive Passive Squirrel
14%
1.9-China Edition Hostile idk Hostile Strange Insect
14%
1.1-Passive Passive Tadpole
14%
1.7-Miscellaneous Text Display
14%
1.9-China Edition Hostile idk Hostile Tidal
14%
2.0-China Edition Boss idk Neutral Tidal Queen
14%
1.6-Projectile Tipped Arrow
14%
1.1-Passive Removed Passive Traitor
14%
1.6-Projectile Trident
14%
1.3-Hostile Hostile Vex
14%
1.9-China Edition Hostile idk Hostile Wandering Evil
14%
1.6-Projectile Wither Skull
14%
1.2-Neutral Neutral Zombie Nautilus
14%
1.1-Passive Passive Agent
0%
1.7-Miscellaneous Area Effect Cloud
0%
1.7-Miscellaneous Balloon
0%
1.3-Hostile Removed Hostile Bitterman
0%
1.1-Passive Passive Camera
0%
1.9-China Edition Hostile idk Hostile Chaos Beast
0%
1.3-Hostile Hostile Creaking
0%
1.3-Hostile Removed Hostile Doom
0%
1.7-Miscellaneous End Crystal
0%
1.7-Miscellaneous Falling Chipped Anvil
0%
1.7-Miscellaneous Falling Concrete Powder
0%
1.7-Miscellaneous Falling Damaged Anvil
0%
1.7-Miscellaneous Falling Dragon Egg
0%
1.7-Miscellaneous Falling Pointed Dripstone
0%
1.7-Miscellaneous Falling Scaffolding
0%
1.7-Miscellaneous Falling Snow Layer
0%
1.7-Miscellaneous Falling Suspicious Gravel
0%
1.7-Miscellaneous Falling Suspicious Sand
0%
1.7-Miscellaneous Lead
0%
1.7-Miscellaneous Lead Knot
0%
1.7-Miscellaneous Lightning Bolt
0%
1.6-Projectile Llama Spit
0%
1.1-Passive Removed Passive Love Golem
0%
1.9-China Edition Hostile idk Hostile Mage Skeleton
0%
1.7-Miscellaneous Mannequin
0%
1.7-Miscellaneous Minecart with Command Block
0%
1.7-Miscellaneous Minecart with Monster Spawner
0%
1.3-Hostile Removed Hostile Mynx
0%
1.3-Hostile Removed Hostile Nerd Creeper
0%
1.1-Passive Passive NPC
0%
1.7-Miscellaneous Removed Obsidian Boat
0%
1.7-Miscellaneous Ominous Item Spawner
0%
1.9-China Edition Hostile idk Hostile Ore Eater
0%
1.7-Miscellaneous Painting
0%
1.1-Passive Removed Passive Pet Axolotl
0%
1.1-Passive Removed Passive Pet Cat
0%
1.1-Passive Removed Passive Pet Frog
0%
1.1-Passive Removed Passive Pet Mooshroom
0%
1.1-Passive Removed Passive Pet Polar Bear
0%
1.1-Passive Removed Passive Pet Turtle
0%
1.1-Passive Removed Passive Pet Wolf
0%
1.3-Hostile Removed Hostile Phobos
0%
1.3-Hostile Removed Hostile Plaguewhale Slab
0%
1.3-Hostile Removed Hostile Ranger
0%
1.1-Passive Removed Passive Ray Tracing
0%
1.3-Hostile Removed Hostile Razor
0%
1.3-Hostile Removed Hostile Redstone Bug
0%
1.3-Hostile Removed Hostile Sarge
0%
1.6-Projectile Shulker Bullet
0%
1.1-Passive Removed Passive Smiling Creeper
0%
1.7-Miscellaneous Stencil Display
0%
1.1-Passive Passive Sulfur Cube
0%
2.0-China Edition Boss idk Hostile The Fallen Mage
0%
1.3-Hostile Removed Hostile Toxifin Slab
0%
1.3-Hostile Removed Hostile Uriel
0%
1.9-China Edition Hostile idk Hostile Variant
0%
1.6-Projectile Wind Charge
0%
No matching quizzes found
Score Distribution
Percent of People with Each Score
Percentile by Number Answered
Your Score History
You have not taken this quiz since the last reset